| 000 | 00463nam a22001937a 4500 | ||
|---|---|---|---|
| 003 | SISC | ||
| 005 | 20160303100958.0 | ||
| 008 | 121127t xxu||||| |||| 00| 0 eng d | ||
| 020 | _a0140621490 | ||
| 050 |
_aPZ 10.3 _b.Se516 1994 |
||
| 082 |
_aCLA _bSe8b 1994 |
||
| 245 |
_aThe black beauty / _cAnna Sewell. |
||
| 260 |
_aNew York : _bPenguin Books, _c1994. |
||
| 300 | _c18cm | ||
| 526 | _c1210L-1700L | ||
| 562 | _e1 | ||
| 942 |
_2lcc _cBK |
||
| 999 |
_c1420 _d1420 |
||